Vida del General José Ballivián

Na minha lista:
Detalhes bibliográficos
Autor principal: Santiváñez, José María (Author)
Formato: Livro
Idioma:espanhol
Publicado em: Nueva York Imprenta de El Comercio 1891
Edição:1a. ed
Assuntos:
Tags: Adicionar Tag
Sem tags, seja o primeiro a adicionar uma tag!

MARC

LEADER 00000nam a2200000 a 4500
001 UCJ4313
003 CL-VaPUC
008 070124e18910000US |||||||||||||||||spa|d
082 0 4 |a 923  |b BAL  |2 21 
100 0 |a Santiváñez, José María  |e author  |9 507742 
245 1 0 |a Vida del General José Ballivián 
250 |a 1a. ed 
300 |a 367 p 
942 |c BK 
945 |d 20070124 00:00:00  |a rinostro 
260 |a Nueva York  |b Imprenta de El Comercio  |c 1891 
500 |a Front.: retrato de Ballivian 
600 0 7 |a BALLIVIAN, JOSE  |2 CL-VaPUC  |9 505064 
650 7 |a HISTORIA DE BOLIVIA  |2 CL-VaPUC  |9 507743 
650 7 |a BIOGRAFIA  |2 CL-VaPUC  |9 504622 
650 0 |a Independencia   |9 344246 
650 7 |a GUERRAS CIVILES  |2 CL-VaPUC  |9 361938 
650 7 |a DOCUMENTOS  |2 CL-VaPUC  |9 366450 
650 0 |a Iconografía   |9 267998 
650 7 |a GUERRA PERU-BOLIVIANA  |2 CL-VaPUC  |9 507569 
650 7 |a PRESIDENTES DE BOLIVIA  |2 CL-VaPUC  |9 489749 
651 0 |a Bolivia  |9 255454 
651 0 |a Perú  |9 256567 
583 |a last modification  |c 20070124 00:00:00  |k Rodrigo Vera 
999 |c 320429  |d 320427 
952 |0 0  |1 0  |4 0  |6 923_000000000000000_BAL_1891  |7 0  |8 X  |9 398949  |a FDOBUD  |b FDOBUD  |d 2019-11-22  |i 1016652  |o 923 BAL 1891  |p 1016652  |r 2019-11-22  |w 2019-11-22  |y BK_X  |k BUD